Central Library OPAC University of Rajshahi

The emperor Akbar : (Record no. 64012)

MARC details
000 -LEADER
fixed length control field 00986nam a2200277 a 4500
001 - CONTROL NUMBER
control field 64012
003 - CONTROL NUMBER IDENTIFIER
rucl marc code BD-RjUL
005 - DATE AND TIME OF LATEST TRANSACTION
control field 20211209081248.0
008 - FIXED-LENGTH DATA ELEMENTS--GENERAL INFORMATION
fixed length control field 170208s1973 ii 000 0 eng d
035 ## - SYSTEM CONTROL NUMBER
System control number (BD-RjUL)64142
040 ## - CATALOGING SOURCE
Original cataloging agency ANL
Language of cataloging eng
Transcribing agency ANL
Modifying agency 2509
-- BD-RjUL
041 ## - LANGUAGE CODE
Language code of text/sound track or separate title eng
082 04 - DEWEY DECIMAL CLASSIFICATION NUMBER
Classification number 954.025
Edition number 23
Author mark and year AUE 1973
100 1# - MAIN ENTRY--PERSONAL NAME
Personal name Augustus, Frederick
9 (RLIN) 190123
245 14 - TITLE STATEMENT
Title The emperor Akbar :
Remainder of title a contribution towards the history of India in the 16th century /
Statement of responsibility, etc. Frederick Augustus, Count of Noer ; translated and in part revised by Annette S. Beveridge.
260 ## - PUBLICATION, DISTRIBUTION, ETC. (IMPRINT)
Place of publication, distribution, etc. Patna, India :
Name of publisher, distributor, etc. Academica Asiatica,
Date of publication, distribution, etc. c1973.
300 ## - PHYSICAL DESCRIPTION
Pagination v. ;
Size 22 cm.
500 ## - GENERAL NOTE
General note Reprint ed.
General note Includes index.
505 ## - FORMATTED CONTENTS NOTE
Formatted contents note vol. 1-- v. 2 --
600 00 - SUBJECT ADDED ENTRY--PERSONAL NAME
Personal name Akbar,
Titles and other words associated with a name Emperor of Hindustan,
Dates associated with a name 1542-1605.
651 #0 - SUBJECT ADDED ENTRY--GEOGRAPHIC NAME
Geographic name Mogul Empire.
9 (RLIN) 190116
Geographic name India
General subdivision History
Chronological subdivision 1500-1765.
9 (RLIN) 190125
700 1# - ADDED ENTRY--PERSONAL NAME
Personal name Beveridge, Annette Susannah (Akroyd),
Dates associated with a name 1842-1929,.
942 ## - ADDED ENTRY ELEMENTS (KOHA)
Source of classification or shelving scheme Dewey Decimal Classification
Koha item type Books
Holdings
Lost status Source of classification or shelving scheme Damaged status Not for loan Collection code Permanent Location Current Location Shelving location Date acquired Source of acquisition Total Checkouts Full call number Date last seen Copy number Koha item type
  Dewey Decimal Classification   Not For Loan Non-fiction Central Library, University of Rajshahi Central Library, University of Rajshahi Reading Room 10/05/1980 K.P.Bagchi and Co., Calcutta   954.025 AUE V-1 1973 08/02/2017 C-1 Books
  Dewey Decimal Classification   Not For Loan Non-fiction Central Library, University of Rajshahi Central Library, University of Rajshahi Reading Room 10/05/1980 K.P.Bagchi, Calcata.   954.025 AUE V-2 1973 08/02/2017 C-1 Books